[Event "TCh-TUR 2011"]
[Site "Konya TUR"]
[Date "2011.07.02"]
[Round "5"]
[White "Demirel,T"]
[Black "Kinsiz,O"]
[Result "1/2-1/2"]
[WhiteElo "2148"]
[BlackElo "2184"]

1.d4 Nf6 2.c4 e6 3.Nf3 Bb4+ 4.Nbd2 b6 5.g3 Bb7 6.Bg2 O-O 7.O-O Bxd2 8.Bxd2 d6
9.b4 Nbd7 10.Qb3 Qe7 11.a4 c5 12.a5 Rfc8 13.axb6 axb6 14.bxc5 dxc5 15.dxc5 Qxc5
16.Rxa8 Rxa8 17.Be3 Ra3 18.Qc2 Qa5 19.Rc1 h6 20.h3 Be4 21.Qd2 Qxd2 22.Nxd2 Bxg2
23.Kxg2 Nc5 24.Rb1 Nfd7 25.Bxc5 bxc5 26.Rb7 Ne5 27.Rc7 Ra5 28.f4 Nd3 29.Kf3 Nb2
30.Kf2 g6 31.Nb3 Ra4 32.Nd2 Nxc4 33.Ne4 Nb6 34.Nd6 Nd5 35.Rxc5 Ra8 36.e4 Ra2+
37.Kf3 Ra3+ 38.Ke2 Ra2+ 39.Kd3 Nf6 40.Rc8+ Kg7 41.Rc7 Ra3+ 42.Kc4 Nh5 43.g4 Ng3
44.Nxf7 Kf8 45.Kd4 Ra4+ 46.Ke5 Rxe4+ 47.Kf6 Rxf4+ 48.Kxg6 Ne4 49.Nxh6 Rf6+
50.Kh5 Ng3+ 51.Kh4 Ne4 52.g5 Rg6 53.Nf7 Rg7 54.Nd8 Rg6 55.Kg4 Nxg5 56.Kh5 Rg8
57.h4 Ne4 58.Nxe6+ Ke8 59.Ng7+ Kd8 60.Ra7 Rh8+ 61.Kg4 Nf2+ 62.Kg3 Ne4+ 63.Kg4 Nf2+
64.Kf3 Rxh4 65.Kxf2 Rh3 66.Nf5 Rb3 67.Ne3 Rb2+ 68.Kf3 Rb4 69.Nd5 Rd4 70.Nf6 Rb4
71.Ne4 Rc4 72.Ng5 Kc8 73.Ne6 Kb8 74.Re7 Kc8 75.Ke3 Ra4 76.Nd4 Rc4 77.Nb5 Kd8
78.Rh7 Rb4 79.Nd4 Kc8 80.Ke4  1/2-1/2

[Event "WCh-IPCA Open B"]
[Site "Piestany SVK"]
[Date "2011.07.02"]
[Round "1"]
[White "Sergeyev,A"]
[Black "Curidlo,J"]
[Result "1-0"]
[WhiteElo "2346"]
[BlackElo "1845"]

1.d4 Nf6 2.Nf3 e6 3.c4 Bb4+ 4.Nbd2 O-O 5.e3 d5 6.a3 Be7 7.Qc2 h6 8.Bd3 Nbd7
9.cxd5 exd5 10.O-O Re8 11.b4 c6 12.Bb2 Nf8 13.b5 Bd7 14.a4 Rc8 15.Qb3 c5
16.dxc5 Bxc5 17.Bxf6 Qxf6 18.Qxd5 b6 19.Ne4 Qe7 20.Nxc5 Rxc5 21.Qb7 Rc3 22.Be2 Bg4
23.Qxe7 Rxe7 24.h3 Bc8 25.Nd4 Bb7 26.a5 Rec7 27.Rfd1 g6 28.axb6 axb6 29.Ra7 Be4
30.Ra6 Nd7 31.Bf3 Bxf3 32.gxf3 Rb7 33.Rda1 Kg7 34.Ra8 Rbc7 35.Kg2 h5 36.f4 R3c5
37.R1a6 Kf6 38.Rd8 Ke7 39.Raa8 Rc4 40.Re8+ Kd6 41.Rad8 Rb4 42.Kg3 Rcc4 43.Nc6 Rxb5
44.Ne5 Rxe5 45.fxe5+  1-0

[Event "TCh-TUR 2011"]
[Site "Konya TUR"]
[Date "2011.07.04"]
[Round "8"]
[White "Esen,B"]
[Black "Paichadze,L"]
[Result "1/2-1/2"]
[WhiteElo "2553"]
[BlackElo "2489"]

1.d4 Nf6 2.c4 e6 3.Nf3 Bb4+ 4.Nbd2 O-O 5.a3 Bxd2+ 6.Qxd2 b6 7.e3 Bb7 8.Be2 d6
9.O-O Nbd7 10.b4 Ne4 11.Qc2 f5 12.Bb2 Rf6 13.d5 Rh6 14.dxe6 Rxe6 15.Rad1 c5
16.bxc5 bxc5 17.Bxg7 Kxg7 18.Qb2+ Rf6 19.Qxb7 Rb8 20.Qxa7 Ra8 21.Qb7 Rb8
22.Qa7 Ra8  1/2-1/2

[Event "1st ch-CHN Rapid w Prelim"]
[Site "Hefei CHN"]
[Date "2011.07.05"]
[Round "7.3"]
[White "Guo Qi"]
[Black "Zhai Mo"]
[Result "1-0"]
[WhiteElo "2368"]
[BlackElo "2198"]

1.d4 Nf6 2.c4 e6 3.Nf3 Bb4+ 4.Nbd2 O-O 5.a3 Be7 6.e4 d5 7.Bd3 c5 8.dxc5 a5
9.e5 Nfd7 10.cxd5 exd5 11.O-O Nc6 12.Qc2 h6 13.Re1 Nxc5 14.Nb3 Ne6 15.Bd2 Bd7
16.Bc3 Bc8 17.Bd2 Bd7 18.Bc3 Qb6 19.Rad1 a4 20.Nbd4 Ncxd4 21.Nxd4 Bc5 22.Nf5 Rfc8
23.Qd2 Bf8 24.Bb1 Rd8 25.Qxd5 Bc6 26.Qc4 Bc5 27.Qh4 Qb3 28.Nd6 Bxa3 29.bxa3 Qxc3
30.Qh5 Rd7 31.Qf5 g6 32.Qf6 Rxd6 33.Bxg6 Be8 34.Bh7+ Kxh7 35.Qf5+ Kg7 36.exd6 Rd8
37.Re3 Qc5 38.Qg4+ Kf8 39.Red3 Bc6 40.h4 Qe5 41.d7 Qe4 42.Qg3 Nf4 43.Kh2 Qxg2+
44.Qxg2 Nxg2 45.Kg3 Ke7 46.Rd4 h5 47.f3 Ne3 48.Re1 Rxd7 49.Rxe3+ Kd8 50.Rxd7+ Kxd7
51.Re5 Kd6 52.Rxh5 b5 53.Rf5 Bd5 54.Rf4 Bc4 55.h5 Kc5 56.h6 Bd3 57.Kh4 Bg6
58.Kg5 Kd5 59.Kf6 Kd6 60.Rb4 Kc5 61.Kg7  1-0

[Event "Lev Polugaevsky Mem"]
[Site "Samara RUS"]
[Date "2011.07.05"]
[Round "1"]
[White "Zaynutdinov,I"]
[Black "Bezman,O"]
[Result "1-0"]
[WhiteElo "1973"]
[BlackElo "2390"]

1.d4 Nf6 2.Nf3 e6 3.c4 Bb4+ 4.Nbd2 d5 5.Qa4+ Nc6 6.a3 Be7 7.e3 O-O 8.b4 dxc4
9.Bxc4 Nd5 10.Qc2 Bf6 11.Bb2 g6 12.O-O a6 13.Rac1 Re8 14.Ne5 Bd7 15.Ne4 Bg7
16.Nxd7 Qxd7 17.Nc5 Qc8 18.Nxa6 Nde7 19.Nc5 Nb8 20.Qb3 Nf5 21.d5 e5 22.e4 Nd6
23.Bd3 Re7 24.f4 b6 25.fxe5 Bxe5 26.Bxe5 Rxe5 27.Qc3 Re8 28.e5 bxc5 29.exd6 cxd6
30.bxc5 Qxc5+ 31.Qxc5 dxc5 32.Rxc5 Nd7 33.Rc3 Ra5 34.d6 Re3 35.Rc8+ Kg7 36.Bc4 Rf5
37.Rxf5 gxf5 38.Rc7 Ne5 39.d7 Re1+ 40.Kf2 Rd1 41.Bb5 Kf6 42.a4 Rd5 43.a5 Ke7
44.a6 Rxb5 45.a7 Ra5 46.Rc8 Nxd7 47.a8=Q Rxa8 48.Rxa8 Kf6 49.Rh8 Kg7 50.Re8 Nf8
51.Kg3 Ne6 52.Kh4 h6 53.Ra8 Kh7 54.Kg3 Kg7 55.Kf3 Kh7 56.Ke3 Kg7 57.g3 Kh7
58.Kd3 Kg7 59.Kc4 Kh7 60.Rc8 Kg7 61.Rb8 Kf6 62.Rh8 Kg7 63.Rb8 Kf6 64.Rg8 Ng5
65.Kd5 Ne6 66.Rb8 Nc7+ 67.Kd6 Ne6 68.Rb4 Ng5 69.Rf4 h5 70.Kd5 Ne6 71.Rf1 Ng5
72.Ra1 Ne6 73.Ra6 Kg5 74.Ke5 Nf8 75.h4+ Kg4 76.Ra4+ Kxg3 77.Kxf5 Ne6 78.Kf6 Nf4
79.Kg5 f6+ 80.Kxf6 Kxh4 81.Rxf4+  1-0

[Event "1st ch-CHN w Rapid KO"]
[Site "Hefei CHN"]
[Date "2011.07.06"]
[Round "1.1"]
[White "Guo Qi"]
[Black "Zhao Xue"]
[Result "0-1"]
[WhiteElo "2368"]
[BlackElo "2470"]

1.d4 Nf6 2.c4 e6 3.Nf3 Bb4+ 4.Nbd2 O-O 5.a3 Be7 6.e4 d5 7.Qc2 dxe4 8.Nxe4 Nbd7
9.Bd3 b6 10.O-O Bb7 11.h3 c5 12.dxc5 bxc5 13.Re1 h6 14.b3 Qc7 15.Bb2 Rfd8
16.Rad1 Rab8 17.Nfd2 Bc6 18.Bc3 Qb6 19.Rb1 a5 20.Ng3 Qc7 21.a4 Bd6 22.Nde4 Be5
23.Bxe5 Qxe5 24.Nc3 Qf4 25.Qe2 Rb7 26.Nb5 Nb8 27.Qe3 Qxe3 28.Rxe3 Rbd7 29.Be2 Na6
30.Nf1 Nb4 31.f3 Nh5 32.g3 g5 33.Kf2 Kg7 34.Re5 Nd3+ 35.Bxd3 Rxd3 36.Re3 R3d7
37.Rbe1 Nf6 38.Re5 Rd3 39.R1e3 Rxe3 40.Rxe3 Rd1 41.Ke2 Rd8 42.g4 Kg6 43.Nd2 h5
44.Rd3 Rxd3 45.Kxd3 Nd7 46.Nd6 f5 47.gxf5+ exf5 48.Ke3 Nf8 49.f4 Ne6 50.fxg5 Kxg5
51.Kf2 Nf4 52.h4+ Kg4 53.Nf1 Nh3+ 54.Ke2 f4 55.Nf7 Ng1+ 56.Kf2 Nh3+ 57.Ke2 Kxh4
58.Ne5 Bg2 59.Nd2 Kg3 60.Ndf3 h4 61.Ne1 Ng1+  0-1

[Event "5th Varna Open"]
[Site "Golden Sands BUL"]
[Date "2011.07.07"]
[Round "6"]
[White "Musaev,E"]
[Black "Shirokov,Alexander"]
[Result "1-0"]
[WhiteElo "2120"]
[BlackElo "1888"]

1.Nf3 Nf6 2.c4 e6 3.d4 Bb4+ 4.Nbd2 d5 5.a3 Be7 6.Qc2 c6 7.e4 dxe4 8.Nxe4 Nxe4
9.Qxe4 Nd7 10.Bd3 Nf6 11.Qe2 b6 12.O-O Bb7 13.Bf4 O-O 14.Rad1 Qc8 15.Rfe1 Re8
16.Be5 c5 17.dxc5 Qxc5 18.b4 Qc6 19.c5 a6 20.cxb6 Qxb6 21.Bd4 Qc6 22.b5 Qc7
23.bxa6 Bd5 24.a4 Rec8 25.Rb1 Qf4 26.Red1 g6 27.Qe3 Qxe3 28.fxe3 Ne4 29.Rb7 Bc5
30.Ne5 Bxd4 31.exd4 Nd6 32.Rd7 Rd8 33.Rb1 f6 34.Rxd8+ Rxd8 35.Ng4 Kg7 36.Ne3 Bc6
37.Rb6 Ba8 38.Bb5 Kh6 39.a7 Kg5 40.Rb8 Nb7 41.Bc6 Rxd4 42.Rxa8  1-0

[Event "1st Crakow Closed GM"]
[Site "Krakow POL"]
[Date "2011.07.08"]
[Round "7.5"]
[White "Sadzikowski,D"]
[Black "Fauland,A"]
[Result "0-1"]
[WhiteElo "2388"]
[BlackElo "2477"]

1.d4 Nf6 2.c4 e6 3.Nf3 Bb4+ 4.Nbd2 b6 5.a3 Bxd2+ 6.Qxd2 Bb7 7.e3 O-O 8.Be2 Ne4
9.Qc2 f5 10.O-O Rf6 11.Nd2 Rh6 12.f3 Qh4 13.fxe4 Qxh2+ 14.Kf2 fxe4 15.Nb1 Nc6
16.Ke1 Qg3+ 17.Kd1 Ne7 18.Nc3 Rf8 19.Rxf8+ Kxf8 20.Qd2 Qxg2 21.b3 Nf5 22.Kc2 Rh3
23.a4 Nxe3+ 24.Qxe3 Rxe3 25.Bxe3 d6 26.a5 bxa5 27.Rxa5 a6 28.Kd2 h6 29.Ra1 g5
30.Rg1 Qh2 31.Nd1 e5 32.d5 Bc8 33.Rf1+ Kg7 34.Nf2 Qg2 35.Ng4  0-1

[Event "St Pauli Open"]
[Site "Hamburg GER"]
[Date "2011.07.09"]
[Round "1.32"]
[White "Hinrichs,Jan"]
[Black "Wittenberg,A"]
[Result "0-1"]
[WhiteElo "1947"]
[BlackElo "2166"]

1.d4 e6 2.c4 Bb4+ 3.Nd2 Nf6 4.Nf3 O-O 5.g3 d5 6.Bg2 dxc4 7.Qc2 a6 8.Qxc4 Qe7
9.a3 Ba5 10.Ne5 Nbd7 11.O-O Nxe5 12.dxe5 Nd7 13.b4 Bb6 14.Bb2 c5 15.Kh1 Bc7
16.f4 b5 17.Qc2 Rb8 18.bxc5 Nxc5 19.Rac1 Bb6 20.Ne4 Nxe4 21.Bxe4 Bb7 22.Bxb7 Qxb7+
23.Qc6 Be3 24.Qxb7 Rxb7 25.Rc6 a5 26.Rf3 Ba7 27.Rb3 a4 28.Rd3 Rbb8 29.Bc3 Rfc8
30.Rxc8+ Rxc8 31.Bb4 h5 32.Kg2 Rc7 33.Kf3 Kh7 34.Rc3 Rxc3+ 35.Bxc3 Bc5 36.Bb2 Kg8
37.e4 Kf8 38.f5 g6 39.g4 hxg4+ 40.Kxg4 Kg7 41.h3 b4 42.axb4 Bxb4 43.h4 a3
44.Ba1 Bd2 45.Bd4 Bc1 46.Bc5 Bb2 47.Bxa3 Bxa3 48.h5 gxh5+ 49.Kxh5 Bb2  0-1

[Event "Asian Zonal 3.1 Men"]
[Site "Sharjah UAE"]
[Date "2011.07.09"]
[Round "5"]
[White "Omar,Noa"]
[Black "Ghaem Maghami,E"]
[Result "0-1"]
[WhiteElo "2296"]
[BlackElo "2588"]

1.d4 Nf6 2.c4 e6 3.Nf3 Bb4+ 4.Nbd2 b6 5.a3 Bxd2+ 6.Qxd2 Bb7 7.e3 O-O 8.Be2 d6
9.b4 Ne4 10.Qc2 a5 11.Bb2 Nd7 12.O-O Qe7 13.Nd2 f5 14.f3 Nxd2 15.Qxd2 e5
16.d5 f4 17.Bd3 fxe3 18.Qxe3 b5 19.cxb5 axb4 20.a4 Nc5 21.a5 Bxd5 22.a6 Qf7
23.Be2 Bc4 24.Rac1 Bxe2 25.Qxe2 Rfb8 26.f4 e4 27.Rxc5 dxc5 28.Rc1 c4 29.Rxc4 Rxb5
30.Rxe4 Rbb8 31.Rd4 Re8 32.Qd2 Rxa6 33.Qxb4 Qe7 34.Qc4+ Qe6 35.h3 Qxc4 36.Rxc4 Re2  0-1

[Event "Najdorf Memorial"]
[Site "Warsaw POL"]
[Date "2011.07.13"]
[Round "1"]
[White "Olszewski,Mi"]
[Black "Delega,T"]
[Result "1-0"]
[WhiteElo "2541"]
[BlackElo "2176"]

1.d4 Nf6 2.c4 e6 3.Nf3 Bb4+ 4.Nbd2 O-O 5.e3 d5 6.a3 Be7 7.Bd3 Nbd7 8.O-O b6
9.b3 Bb7 10.Bb2 Ne4 11.Rc1 f5 12.Qe2 a5 13.Rfd1 Bd6 14.Ne5 Ndf6 15.Nf1 Qe7
16.a4 c5 17.f3 Ng5 18.Ng3 Rac8 19.cxd5 Nxd5 20.Nc4 Bb8 21.dxc5 Qxc5 22.Bd4 Qb4
23.f4 Nf7 24.Qb2 g6 25.Ne2 g5 26.Rf1 gxf4 27.exf4 h6 28.Qb1 Nh8 29.g3 Ng6
30.Kf2 Kh7 31.h4 Rg8 32.Rg1 Nf8 33.Bxf5+ exf5 34.Qxf5+ Ng6 35.Qf7+  1-0

[Event "Nana Aleksandria Cup"]
[Site "Poti GEO"]
[Date "2011.07.14"]
[Round "4"]
[White "Bagaturov,G"]
[Black "Kumsiashvili,N"]
[Result "1-0"]
[WhiteElo "2459"]
[BlackElo "1995"]

1.d4 Nf6 2.Nf3 e6 3.c4 Bb4+ 4.Nbd2 b6 5.g3 Bb7 6.Bg2 O-O 7.O-O d5 8.cxd5 Nxd5
9.Qc2 Be7 10.a3 c5 11.e4 Nf6 12.e5 Nd5 13.dxc5 Bxc5 14.Ne4 Be7 15.Bg5 Nd7
16.Bxe7 Qxe7 17.Rad1 h6 18.Rfe1 Rfc8 19.Qe2 Rc7 20.Nd6 Rd8 21.Nxb7 Rxb7 22.Nd4 Nb8
23.Nf5 exf5 24.Bxd5 Rc7 25.Qh5 Rdc8 26.e6 f6 27.Qxf5 g5 28.Qg6+  1-0

[Event "111th ch-SUI"]
[Site "Leukerbad SUI"]
[Date "2011.07.15"]
[Round "9"]
[White "Schiendorfer,E"]
[Black "Sermier,G"]
[Result "1/2-1/2"]
[WhiteElo "2304"]
[BlackElo "2425"]

1.d4 Nf6 2.c4 e6 3.Nf3 Bb4+ 4.Nbd2 b6 5.a3 Bxd2+ 6.Bxd2 Bb7 7.Bg5 d6 8.e3 Nbd7
9.Bd3 h6 10.Bh4 g5 11.Bg3 Ne4 12.Qc2 Nxg3 13.hxg3 Qe7 14.O-O-O O-O-O 15.Kb1 Nf6
16.Rc1 Kb8 17.Rhd1 e5 18.Bf5 c5 19.dxe5 dxe5 20.Qc3 Rde8 21.g4 Ne4 22.Qc2 Nd6
23.Ng1 Rd8 24.e4 Nxf5 25.gxf5 Rxd1 26.Rxd1 Rd8 27.f3 Rxd1+ 28.Qxd1 g4 29.Qd2 gxf3
30.gxf3 Qf6 31.Kc2 a6 32.Qh2 Ka7 33.Ne2 Qg5 34.Nc3 f6 35.Qd2 Qg7 36.a4 h5
37.a5 h4 38.axb6+ Kxb6 39.Qd6+ Ka7 40.Na4 Qg2+ 41.Kb3 Qxf3+ 42.Ka2 Qxe4 43.Qb6+ Ka8
44.Qd8+ Ka7 45.Qb6+ Ka8  1/2-1/2

[Event "III Corporation Cup A"]
[Site "Izhevsk RUS"]
[Date "2011.07.16"]
[Round "2"]
[White "Kamiljanov,T"]
[Black "Shurunov,An"]
[Result "1-0"]
[WhiteElo "2180"]
[BlackElo "1930"]

1.d4 Nf6 2.c4 e6 3.Nf3 Bb4+ 4.Nbd2 O-O 5.a3 Bxd2+ 6.Bxd2 d5 7.Rc1 b6 8.cxd5 exd5
9.Qc2 c6 10.Bf4 Bb7 11.e3 Nbd7 12.Be2 c5 13.O-O Qe7 14.Rfd1 Rfc8 15.dxc5 bxc5
16.Bd3 Nf8 17.Bf5 Ne6 18.Bg3 g6 19.Bd3 Nd7 20.Qe2 Nb6 21.Ba6 Bxa6 22.Qxa6 f6
23.b3 Rd8 24.a4 Qf7 25.a5 Nc8 26.h3 Ne7 27.Bd6 Rac8 28.Bxe7 Qxe7 29.Rxd5 Rxd5
30.Qxc8+ Rd8 31.Qa6 Rb8 32.Qc4 Rb4 33.Qd5 Rb5 34.Nd4  1-0

[Event "Nana Aleksandria Cup"]
[Site "Poti GEO"]
[Date "2011.07.16"]
[Round "6"]
[White "Mikaelyan,A"]
[Black "Rizhamadze,P"]
[Result "1-0"]
[WhiteElo "2197"]
[BlackElo "2042"]

1.d4 Nf6 2.c4 e6 3.Nf3 Bb4+ 4.Nbd2 Qe7 5.g3 O-O 6.Bg2 d6 7.O-O Bxd2 8.Qxd2 e5
9.dxe5 dxe5 10.b3 Nc6 11.Bb2 Rd8 12.Qc2 Bg4 13.h3 Bh5 14.Nh4 Qe6 15.Rfd1 Rab8
16.Rxd8+ Rxd8 17.Rd1 Rxd1+ 18.Qxd1 g5 19.Nf3 h6 20.Nh2 Nd7 21.g4 Bg6 22.Ba3 e4
23.Nf1 h5 24.gxh5 Bxh5 25.Qd2 f6 26.Qe3 Bg6 27.Bb2 b6 28.Ng3 Nc5 29.Ba3 f5
30.Qxg5 Kf7 31.Bb2 Ne5 32.Qf4 Ned7 33.Qxc7 a5 34.h4 Ke7 35.Qf4  1-0

[Event "ch-PHI"]
[Site "Manila PHI"]
[Date "2011.07.17"]
[Round "3"]
[White "Laylo,D"]
[Black "Ranola,Y"]
[Result "1-0"]
[WhiteElo "2528"]
[BlackElo "2377"]

1.d4 Nf6 2.c4 e6 3.Nf3 Bb4+ 4.Nbd2 d5 5.a3 Be7 6.Qc2 b6 7.e4 dxe4 8.Nxe4 Bb7
9.Bd3 Nbd7 10.Bf4 O-O 11.O-O-O Qc8 12.Rhe1 Re8 13.Nfg5 g6 14.Nxf7 Kxf7 15.Ng5+ Kg8
16.Bxg6 Nf8 17.Bf7+ Kg7 18.Bxe6 Bd6 19.Bxd6 Nxe6 20.Nxe6+ Rxe6 21.Be5 Qe8
22.f4 Qg6 23.f5 Qg5+ 24.Kb1 Ree8 25.d5 Kf7 26.Bxf6 Qxf6 27.Re6 Rxe6 28.dxe6+ Kg8
29.Ka2 Rd8 30.Qc3  1-0

[Event "20th ch-MKD Open"]
[Site "Struga MKD"]
[Date "2011.07.18"]
[Round "3"]
[White "Zmijanac,D"]
[Black "Veleski,R"]
[Result "0-1"]
[WhiteElo "2179"]
[BlackElo "2241"]

1.d4 Nf6 2.c4 e6 3.Nf3 Bb4+ 4.Nbd2 d5 5.Qb3 a5 6.a3 Bxd2+ 7.Bxd2 a4 8.Qc2 dxc4
9.Qxc4 Nc6 10.Rc1 Qd5 11.Bf4 Qa5+ 12.Bd2 Qd5 13.Qxd5 exd5 14.Bf4 Kd8 15.Ne5 Nxe5
16.Bxe5 Ne8 17.e3 f6 18.Bg3 Bf5 19.Kd2 c6 20.Bd3 Bxd3 21.Kxd3 h5 22.h3 Kd7
23.Rc2 g6 24.f3 Nd6 25.Bxd6 Kxd6 26.Re1 Ra5 27.Rc3 Rb5 28.Re2 Ra8 29.Kc2 Ra6
30.b4 axb3+ 31.Rxb3 Rab6 32.Rxb5 Rxb5 33.g4 hxg4 34.hxg4 Ra5 35.Kb3 Ra8 36.a4 Rh8
37.Kc3 Rh1 38.Rb2 Kc7 39.Kd3 Ra1 40.Rb4 Ra3+ 41.Ke2 b6 42.Kf2 g5 43.e4 c5
44.dxc5 bxc5 45.Rb5 Kc6 46.exd5+ Kxd5 47.a5 Kd4 48.Rb6 Ra2+ 49.Kg3 Rxa5 50.Rxf6 c4
51.Rd6+ Rd5 52.Rc6 Rc5 53.Rd6+ Ke5 54.Rd1 c3 55.Re1+ Kd4 56.f4 c2 57.Rc1 Rc3+
58.Kf2 gxf4 59.Ke2 f3+ 60.Kd2 Rd3+  0-1

[Event "ch-PHI"]
[Site "Manila PHI"]
[Date "2011.07.19"]
[Round "7"]
[White "Barbosa,O PHI"]
[Black "Torre,E"]
[Result "1-0"]
[WhiteElo "2514"]
[BlackElo "2491"]

1.d4 Nf6 2.c4 e6 3.Nf3 Bb4+ 4.Nbd2 d5 5.a3 Be7 6.Qc2 O-O 7.e4 dxe4 8.Nxe4 Nbd7
9.Bd3 Nxe4 10.Bxe4 Nf6 11.Bd3 b6 12.Bg5 h6 13.h4 Bb7 14.O-O-O Re8 15.Bf4 Kf8
16.Ne5 Bd6 17.Qe2 Qe7 18.Rh3 Rad8 19.g4 b5 20.g5 bxc4 21.gxf6 Qxf6 22.Qd2 cxd3
23.Rg1 Ke7 24.Rhg3 Rg8 25.Rg4 c5 26.Nxd3 cxd4 27.Bxd6+ Kxd6 28.Qb4+ Kc7 29.Rf4 Qxf4+
30.Nxf4 Kb8 31.Nd3 Ka8 32.Kd2  1-0

[Event "16th Balaguer Open"]
[Site "Balaguer ESP"]
[Date "2011.07.21"]
[Round "5"]
[White "Volodin,Alek"]
[Black "Moradiabadi,E"]
[Result "1/2-1/2"]
[WhiteElo "2523"]
[BlackElo "2532"]

1.d4 Nf6 2.c4 e6 3.Nf3 Bb4+ 4.Nbd2 d5 5.e3 O-O 6.Be2 b6 7.O-O Bb7 8.Qc2 Nbd7
9.a3 Bd6 10.b4 dxc4 11.Nxc4 Ne4 12.Bb2 f5 13.Rac1 Ndf6  1/2-1/2

[Event "ch-PHI"]
[Site "Manila PHI"]
[Date "2011.07.21"]
[Round "9"]
[White "Salvador,R"]
[Black "Ranola,Y"]
[Result "1-0"]
[WhiteElo "2527"]
[BlackElo "2377"]

1.d4 Nf6 2.Nf3 e6 3.c4 Bb4+ 4.Nbd2 b6 5.a3 Bxd2+ 6.Qxd2 Bb7 7.b4 O-O 8.e3 d6
9.Bb2 Nbd7 10.Be2 Ne4 11.Qc2 f5 12.O-O Qe7 13.d5 exd5 14.Nd4 c5 15.f3 cxd4
16.fxe4 dxe4 17.Bxd4 Ne5 18.c5 dxc5 19.bxc5 Bd5 20.cxb6 axb6 21.Rab1 Rac8
22.Qd1 Nd3 23.Rb5 Qd6 24.Qa1 Rf7 25.Rxb6 Rc6 26.Rb5 Rc2 27.Bh5 g6 28.Qb1 Rc8
29.Bd1 Rc1 30.Rb8+ Rf8 31.Rxf8+ Kxf8 32.Qb5 Bc4 33.Qb7 Qe7 34.Qb8+ Kf7 35.Qh8 Ke6
36.a4 Qc7 37.a5 Ne5 38.Qe8+ Kd5 39.a6 Nc6 40.Qg8+ Kd6 41.Qf8+ Qe7 42.Qxe7+ Kxe7
43.Be2 Nxd4 44.exd4 Rxf1+ 45.Bxf1 Bd5 46.a7 Kd6 47.Bc4 Ba8 48.Kf2 f4 49.g4 g5
50.Ke2 Kc6 51.d5+ Kb6 52.d6 Kc6 53.Bd5+  1-0

[Event "4th Paleohora Open"]
[Site "Paleochora GRE"]
[Date "2011.07.21"]
[Round "2"]
[White "Svetushkin,D"]
[Black "Groenewold,J"]
[Result "1-0"]
[WhiteElo "2576"]
[BlackElo "2176"]

1.d4 Nf6 2.c4 e6 3.Nf3 Bb4+ 4.Nbd2 O-O 5.a3 Bxd2+ 6.Bxd2 d6 7.Bg5 Nbd7 8.Qc2 e5
9.e3 Re8 10.Be2 Nf8 11.O-O-O h6 12.Bh4 Ng6 13.Bg3 e4 14.Nd2 c6 15.Rhe1 a5
16.h3 b5 17.Bh2 Ba6 18.f3 d5 19.c5 Nh4 20.fxe4 dxe4 21.Bf1 b4 22.Bxa6 Rxa6
23.Nc4 Qd5 24.a4 Nxg2 25.Rg1 b3 26.Qe2 Nh4 27.Be5 Re6 28.Nb6 Rxb6 29.cxb6 Qd7
30.Qc4  1-0

[Event "2nd ch-Vojvodina"]
[Site "Novi Sad SRB"]
[Date "2011.07.29"]
[Round "8.3"]
[White "Drazic,S"]
[Black "Radlovacki,J"]
[Result "1-0"]
[WhiteElo "2501"]
[BlackElo "2416"]

1.d4 Nf6 2.Nf3 e6 3.c4 Bb4+ 4.Nbd2 b6 5.a3 Be7 6.e4 d6 7.Qc2 O-O 8.e5 Ne8
9.Bd3 h6 10.Ne4 d5 11.cxd5 exd5 12.Ng3 c5 13.O-O Nc7 14.dxc5 bxc5 15.b4 cxb4
16.axb4 Ba6 17.Nd4 Bxd3 18.Qxd3 Re8 19.Ngf5 Bf8 20.Qg3 Kh7 21.Nd6 Bxd6 22.exd6 Ne6
23.Be3 Qf6 24.Rfd1 Nd7 25.Nc6 a6 26.h3 Nd8 27.Ne7 Ne6 28.Nxd5 Qf5 29.Ra5 Qc2
30.Rc1 Qb2 31.Qg4 Kh8 32.Qc4 Rac8 33.Nc7 Nb8 34.Qc3 Qxc3 35.Rxc3 Nd8 36.Rac5 Re4
37.Nxa6 Rxc5 38.bxc5 Nbc6 39.Rb3 f5 40.g3 g5 41.Nb8 Ne5 42.c6  1-0

[Event "Montecatini Open A"]
[Site "Montecatini Terme ITA"]
[Date "2011.08.01"]
[Round "2"]
[White "Laketic,G"]
[Black "Pescatore,L"]
[Result "1-0"]
[WhiteElo "2439"]
[BlackElo "2121"]

1.d4 Nf6 2.c4 e6 3.Nf3 Bb4+ 4.Nbd2 b6 5.a3 Bxd2+ 6.Bxd2 h6 7.g3 Bb7 8.Bg2 O-O
9.O-O d6 10.Bc3 Ne4 11.Qc2 Nxc3 12.Qxc3 Nd7 13.b4 Qe7 14.Rfd1 Rad8 15.a4 c5
16.a5 e5 17.bxc5 bxc5 18.dxe5 dxe5 19.Nh4 Bxg2 20.Nxg2 Nf6 21.Ne3 Qe6 22.Rxd8 Rxd8
23.Qb3 g6 24.Qb7 Qd7 25.Qa6 Qe7 26.Rb1 Kg7 27.Qc6 Qd6 28.Qb5 Qe7 29.Kg2 Rd7
30.Qc6 Qd6 31.Qb5 Rc7 32.Kg1 Qd7 33.Qb8 Qc6 34.Rd1 Qb7 35.Rd8 Qxb8 36.Rxb8 Rc6
37.Kf1 Ra6 38.Rb5 Rc6 39.Ke1 h5 40.h3 Ne8 41.Rb7 Ra6 42.Re7 Nd6 43.Rxe5 Rxa5
44.f3 Ra3 45.Kf2 Ra5 46.g4 hxg4 47.hxg4 Kf6 48.f4 Ra4 49.g5+ Kg7 50.Kf3 Nxc4
51.Rxc5 Nd2+ 52.Kg4 Re4 53.Nd5 Rxe2 54.Ra5 Nb3 55.Rxa7 Nd4 56.Nf6 Rh2 57.Ne8+ Kf8
58.Nd6 Rh7 59.Kg3 Ne2+ 60.Kf3 Nd4+ 61.Kf2 Nc6 62.Rc7 Nd4 63.Rb7 Ne6 64.Kf3 Rh3+
65.Kg4 Rh7 66.Kg3 Nd4 67.Kf2 Ne6 68.Kf3 Rh3+ 69.Kg4 Rh7 70.Kg3 Nd4 71.Rd7 Ne2+
72.Kf3 Nd4+ 73.Ke3 Ne6 74.Ra7 Rg7 75.f5 f6 76.Ra8+ Ke7 77.fxe6 Kxe6 78.gxf6 Rh7
79.f7 Rh3+ 80.Ke2 Rh2+ 81.Ke1 Rh1+ 82.Kf2 Rh5 83.f8=Q Rf5+ 84.Qxf5+ gxf5
85.Nxf5  1-0

[Event "Stara Pazova-Ilindan GM"]
[Site "Stara Pazova SRB"]
[Date "2011.08.04"]
[Round "7.1"]
[White "Indjic,D"]
[Black "Ilincic,Z"]
[Result "0-1"]
[WhiteElo "2279"]
[BlackElo "2468"]

1.d4 Nf6 2.c4 e6 3.Nf3 Bb4+ 4.Nbd2 O-O 5.e3 b6 6.Bd3 Bb7 7.O-O d5 8.cxd5 exd5
9.a3 Bd6 10.b4 Nbd7 11.Qb3 Qe7 12.Rb1 Ne4 13.Bb2 f5 14.Rfe1 g5 15.Nf1 g4
16.N3d2 Bxh2+ 17.Nxh2 Nxd2 18.Qc2 Nxb1 19.Qxb1 Qg5 20.f4 Qg6 21.g3 c6 22.Nf1 Rac8
23.a4 Rc7 24.Ba3 Bc8 25.Rc1 Rf7 26.b5 Qe6 27.bxc6 Nb8 28.a5 Rxc6 29.axb6 axb6
30.Bb5 Rxc1 31.Qxc1 Ba6 32.Bxa6 Nxa6 33.Qc2 Nb8 34.Qh2 Ra7 35.Qb2 Ra4 36.Qb3 Qc6
37.Bb2 Nd7 38.Qd3 Qe6 39.Qb5 Rc4 40.e4 Qxe4 41.Qxd7 Rc2 42.Qd8+ Kf7 43.Nd2 Qe1+  0-1

[Event "MMK Krakow IM"]
[Site "Krakow POL"]
[Date "2011.08.08"]
[Round "4.4"]
[White "Mikrut,D"]
[Black "De Verdier,M"]
[Result "1/2-1/2"]
[WhiteElo "2358"]
[BlackElo "2359"]

1.d4 Nf6 2.c4 e6 3.Nf3 Bb4+ 4.Nbd2 O-O 5.e3 d5 6.a3 Be7 7.Bd3 c5 8.dxc5 a5
9.b3 Nbd7 10.Bb2 Nxc5 11.Bc2 b6 12.O-O Bb7 13.Ne5 Rc8 14.Rc1 Ncd7 15.Ndf3 Nxe5
16.Nxe5 dxc4 17.Nxc4 Bc5 18.Qxd8 Rfxd8 19.Rfd1 Bd5 20.Bd3 Kf8 21.Kf1 Ke7
22.h3 h6 23.a4 Rg8 24.Rc2 Rgd8 25.Rcc1 Rg8 26.Rc2 Rgd8 27.Rcc1 Rg8  1/2-1/2

[Event "24th Panevezys Open"]
[Site "Panevezys LTU"]
[Date "2011.08.12"]
[Round "5.11"]
[White "Cernavina,Ksenija"]
[Black "Apanaviciute,K"]
[Result "0-1"]
[WhiteElo "1788"]
[BlackElo "1974"]

1.d4 Nf6 2.c4 e6 3.Nf3 Bb4+ 4.Nbd2 O-O 5.g3 c5 6.a3 Bxd2+ 7.Bxd2 cxd4 8.Nxd4 Qb6
9.Bb4 Re8 10.c5 Qc7 11.Bg2 a5 12.Nb5 Qe5 13.Bc3 Qxc5 14.Nd6 Rf8 15.Bxf6 gxf6
16.Rc1 Qb6 17.Nxc8 Qxb2 18.O-O d5 19.Rb1 Qxa3 20.Nb6 Ra6 21.Qd4 Qe7 22.e4 Nc6
23.Qd2 d4 24.Rfc1 Rd8 25.Bf1 d3 26.Nc4 b5 27.Ne3 a4 28.Ng4 Nd4 29.Qh6 e5
30.Kg2 Rad6 31.Bxd3 f5 32.Qh5 fxg4 33.Qxg4+ Rg6 34.Qh3 b4 35.Rc8 b3 36.Rbc1 Rd6
37.R1c7 Qf6 38.Qg4+ Qg6 39.Qh4 Ne6 40.Rxd8+ Rxd8 41.Bc4 Rb8 42.Bxe6 Qxe6
43.Qg5+ Qg6 44.Qxe5 b2 45.Rc6 b1=Q 46.Rxg6+ hxg6 47.h4 Qb2 48.Qg5 a3 49.h5 Rb5
50.Qd8+ Kg7 51.h6+ Kxh6 52.Qf8+ Kh7 53.Qxf7+ Qg7 54.Qf4 a2 55.e5 Rxe5 56.Qa4 Qb7+
57.f3 Qb2+ 58.Kh3 a1=Q 59.Qd7+ Kh6  0-1

[Event "e2e4 Int Masters C"]
[Site "Sunningdale ENG"]
[Date "2011.08.13"]
[Round "7"]
[White "Carstensen,J"]
[Black "Savage,B"]
[Result "1/2-1/2"]
[WhiteElo "2391"]
[BlackElo "2263"]

1.d4 Nf6 2.c4 e6 3.Nf3 Bb4+ 4.Nbd2 b6 5.e3 Bb7 6.Bd3 Ne4 7.Qc2 f5 8.a3 Bxd2+
9.Nxd2 Qh4 10.Nf3 Qh5 11.Qe2 d6 12.Nd2 Qh4 13.Nf1 Nd7 14.g3 Qh3 15.f3 Ng5
16.e4 fxe4 17.fxe4 h6 18.Bxg5 hxg5 19.O-O-O O-O-O 20.Ne3 Rdf8 21.Rd2 Nf6
22.Nd1 Qg4 23.d5 Qxe2 24.Rxe2 e5 25.Ne3 Kd8 26.Rf1 Bc8 27.Rff2 Ng4 28.Nxg4 Bxg4
29.Rd2 Ke7 30.b4 Rxf2 31.Rxf2 Rf8 32.Rxf8 Kxf8 33.Kd2 Ke7 34.Be2 Bd7 35.b5  1/2-1/2

[Event "e2e4 Int Masters C"]
[Site "Sunningdale ENG"]
[Date "2011.08.13"]
[Round "7"]
[White "Gormally,D"]
[Black "Norinkeviciute,R"]
[Result "1-0"]
[WhiteElo "2519"]
[BlackElo "1996"]

1.d4 Nf6 2.Nf3 e6 3.c4 Bb4+ 4.Nbd2 Nc6 5.e3 d6 6.Be2 O-O 7.O-O Bxd2 8.Nxd2 e5
9.d5 Ne7 10.b3 Ng6 11.Bb2 Ne8 12.Rc1 c5 13.dxc6 bxc6 14.Bf3 Bb7 15.g3 f5
16.b4 Qe7 17.Nb3 e4 18.Be2 Ne5 19.Na5 Rb8 20.Qd4 Ba6 21.b5 cxb5 22.c5 Qg5
23.cxd6 Nf3+ 24.Bxf3 exf3 25.Qd5+ Kh8 26.d7 Nf6 27.Bxf6 Qxf6 28.Rc6 Qd8 29.Rxa6  1-0

[Event "12th Miquel Mas Open"]
[Site "Figueres ESP"]
[Date "2011.08.14"]
[Round "4.4"]
[White "Oms Pallisse,J"]
[Black "Deleyn,G"]
[Result "1/2-1/2"]
[WhiteElo "2489"]
[BlackElo "2222"]

1.d4 Nf6 2.c4 e6 3.Nf3 Bb4+ 4.Nbd2 b6 5.a3 Bxd2+ 6.Qxd2 Bb7 7.e3 O-O 8.Be2 a5
9.b3 d6 10.O-O Nbd7 11.Bb2 Ne4 12.Qc2 f5 13.d5 e5 14.Nd2 Nxd2 15.Qxd2 Qh4
16.f3 Rf6 17.Bd3 g5 18.f4 Raf8 19.b4 Rh6 20.g3 Qg4 21.Rf2 gxf4 22.exf4 Rg6
23.Raf1 Bc8 24.Qc2 e4 25.Be2 Qh4 26.Qc3 axb4 27.axb4 Qf6 28.Qd2 Qe7 29.Qe3 Nf6
30.Ra1 b5 31.cxb5 Bb7 32.Rd1 Ra8 33.b6 cxb6 34.Qxb6 Rc8 35.Ba6 Ng4 36.Re2 Bxa6
37.Qxa6 Rb8 38.Qc6 h5 39.h4 Qa7+ 40.Bd4 Qa3 41.Bc3 Qa7+ 42.Bd4 Qa3 43.Qc3 Qxb4
44.Qxb4 Rxb4 45.Ra2 Rb3 46.Ra8+ Kf7 47.Ra7+ Kg8 48.Ra8+ Kf7 49.Ra7+ Kg8 50.Ra8+ Kf7  1/2-1/2